000 00500nam a2200181Ia 4500
008 090124s9999 xx 000 0 und d
082 _b133193
_a101217
100 _aसप्रे मधुवंती
245 _a अर्जुनी
250 _a1
260 _c2005
300 _a130
600 _aसप्रे मधुवंती
630 _a अर्जुनी
700 _aसप्रे मधुवंती
730 _a अर्जुनी
942 _cBOOK
999 _c179409
_d179409